000 00472nam a22001817a 4500
003 BUBTL
008 210307b xxu||||| |||| 00| 0 eng d
082 _a348/H958p
100 _aHuq's Zahirul
_93997
245 _aPenal Code
_bZahirul Huq's
250 _a5th
260 _aDhaka
_bAnupam Gyan Bhander
_cc2005
300 _a[xxxiv] , 1596p . :
_b25cm.
650 _aLaw
_93998
856 _k0
_l0
_yDownload
942 _2ddc
_cBK
999 _c6472
_d6472